Catálogo
 En Linea

Desarrollo humano. (Registro nro. 37013)

Detalles MARC
000 -CABECERA
campo de control de longitud fija 00582nas a2200181 4500
001 - NÚMERO DE CONTROL
campo de control 000037523
005 - FECHA Y HORA DE LA ÚLTIMA TRANSACCIÓN
campo de control 20200930080418.0
008 - DATOS DE LONGITUD FIJA--INFORMACIÓN GENERAL
campo de control de longitud fija 120423c20049999dr mr1p dd 0 0spa d
040 ## - FUENTE DE LA CATALOGACIÓN
Centro catalogador/agencia de origen DO-SdBNP
Lengua de catalogación spa
Centro/agencia transcriptor BNPHU
043 ## - CÓDIGO DE ÁREA GEOGRÁFICA
Código de área geográfica nwdr
245 00 - MENCIÓN DE TÍTULO
Título Desarrollo humano.
260 ## - PUBLICACIÓN, DISTRIBUCIÓN, ETC.
Lugar de publicación, distribución, etc. Santo Domingo :
Nombre del editor, distribuidor, etc. Programa de las Naciones Unidas para el Desarrollo.
300 ## - DESCRIPCIÓN FÍSICA
Extensión v.- :
Otras características físicas il. ;
Dimensiones 29 cm.
310 ## - PERIODICIDAD ACTUAL
Periodicidad actual Mensual
362 1# - FECHAS DE PUBLICACIÓN Y/O DESIGNACIÓN SECUENCIAL
Fecha de publicación y/o designación secuencial No. 1 (ene. 2004)
500 ## - NOTA GENERAL
Nota general Catalogación basada en : No. 1 (ene. 2004)
650 #4 - PUNTO DE ACCESO ADICIONAL DE MATERIA--TÉRMINO DE MATERIA
Término de materia o nombre geográfico como elemento de entrada Desarrollo humano
Subdivisión de forma PUBLICAIONES PERIÓDICAS
Subdivisión geográfica República Dominicana
9 (RLIN) 63979

No hay ítems disponibles.

Con tecnología Koha